WM-Kader Deutschland 2002: Nenne den jeweiligen Verein der Spieler - Statistiken

Allgemein
  • Dieses Quiz wurde 298 mal gespielt
  • Das Durchschnittsergebnis liegt bei 17 aus 23
Antwortstatistiken
Spieler Verein % Korrekt
Oliver Kahn Bayern
100%
Sebastian Kehl Dortmund
94%
Gerald Asamoah Schalke
90%
Michael Ballack Leverkusen
89%
Lars Ricken Dortmund
88%
Torsten Frings Bremen
87%
Jens Lehmann Dortmund
86%
Hans Jörg Butt Leverkusen
85%
Frank Baumann Bremen
83%
Christoph Metzelder Dortmund
83%
Jens Jeremies Bayern
81%
Thomas Linke Bayern
80%
Bernd Schneider Leverkusen
80%
Carsten Ramelow Leverkusen
79%
Carsten Jancker Bayern
76%
Miroslav Klose Kaiserslautern
76%
Marco Bode Bremen
67%
Dietmar Hamann Liverpool
66%
Oliver Neuville Leverkusen
64%
Jörg Böhme Schalke
61%
Marko Rehmer Hertha
47%
Christian Ziege Tottenham
33%
Oliver Bierhoff Monaco
16%
Keine übereinstimmenden Quizze gefunden
Verteilung der Resultate
Anzahl Personen mit jedem Resultat
Perzentil nach korrekt beantworteten Fragen
Ihre Resultats-Entwicklung
Sie haben dieses Quiz noch nicht gespielt